[Event "Wch Blitz"]
[Site "Warsaw"]
[Date "2021.12.29"]
[Round "12"]
[White "Sadzikowski, Daniel"]
[Black "Kuzmicz, Krystian"]
[Result "1/2-1/2"]
[WhiteElo "2525"]
[BlackElo "2469"]
[PlyCount "54"]
[EventDate "2021.12.29"]
[EventType "swiss (blitz)"]
[EventRounds "21"]
[EventCountry "POL"]
[SourceTitle "CBM 205 Extra"]
[Source "ChessBase"]
[SourceDate "2022.01.31"]
[SourceVersion "1"]
[SourceVersionDate "2022.01.31"]
[SourceQuality "1"]

1. Nf3 g6 2. e4 Bg7 3. d4 c6 4. c4 d5 5. cxd5 cxd5 6. e5 Bg4 7. Nbd2 Nc6 8. h3 Bxf3 9. Nxf3 Nh6 10. Be2 0-0 11. 0-0 f6 12. exf6 exf6 13. Qb3 Qd7 14. Bxh6 Bxh6 15. Bb5 a6 16. Bxc6 Qxc6 17. Rfe1 Rfe8 18. h4 Kg7 19. Qd3 Re4 20. g3 Rae8 21. Kf1 Qb6 22. Qb3 Qc6 23. a4 Qd7 24. Rad1 R8e7 25. Qc2 Qd6 26. Qb3 Qd7 27. Qc2 Qd6 1/2-1/2